le symbolisme - Statistiques

Statistiques générales
  • Ce quiz a été pris 5 fois
  • Le résultat moyen est 5 sur 13
Statistiques - réponses
Hint Réponse % Correct
Arthur Rimbaud
80%
Mallarmé
80%
symboles
80%
auteurs Verlaine
80%
recherche de musicalité
40%
année fin 19ème
20%
importance accordée aux sensations
20%
thèmes mythologie
20%
procédés poèmes en prose
20%
principes subjectivité de la connaissance
20%
vers libre
20%
poésie = moyen d'accès aux mondes cachés
0%
textes bibliques
0%
Aucun quiz correspondant
Distribution des résultats
% des personnes avec chaque résultat
Percentile par nombre de réponses
Votre historique - résultats
Vous n’avez pas pris ce quiz